|
|
|
|
| LEADER |
02063nam a2200457 i 4500 |
| 001 |
EBC3045885 |
| 003 |
MiAaPQ |
| 005 |
20200520144314.0 |
| 006 |
m o d | |
| 007 |
cr cnu|||||||| |
| 008 |
140609t20062006gw ob 000 0 ger d |
| 020 |
|
|
|z 9783486577549
|
| 020 |
|
|
|a 9783486718126 (e-book)
|
| 035 |
|
|
|a (MiAaPQ)EBC3045885
|
| 035 |
|
|
|a (Au-PeEL)EBL3045885
|
| 035 |
|
|
|a (CaPaEBR)ebr10874854
|
| 035 |
|
|
|a (CaONFJC)MIL610393
|
| 035 |
|
|
|a (OCoLC)922949395
|
| 040 |
|
|
|a MiAaPQ
|b eng
|e rda
|e pn
|c MiAaPQ
|d MiAaPQ
|
| 043 |
|
|
|a e-gx---
|
| 050 |
|
4 |
|a DD259.5
|b .A384 2006
|
| 082 |
0 |
|
|a 327.43009045
|2 23
|
| 245 |
0 |
0 |
|a Akten zur auswartigen Politik der Bundesrepublik Deutschland.
|n Band 1,
|p Januar bis 30. Juni 1975 :
|b 1975 /
|c wissenschaftliche leiterin Ilse Dorothee Pautsch ; bearbeite Michael Kieninger, Mechthild Lindemann und Daniela Taschler.
|
| 264 |
|
1 |
|a Munchen, Germany :
|b R. Oldenbourg Verlag Munchen,
|c 2006.
|
| 264 |
|
4 |
|c 2006
|
| 300 |
|
|
|a 1 online resource (2090 pages)
|
| 336 |
|
|
|a text
|2 rdacontent
|
| 337 |
|
|
|a computer
|2 rdamedia
|
| 338 |
|
|
|a online resource
|2 rdacarrier
|
| 504 |
|
|
|a Includes bibliographical references.
|
| 588 |
|
|
|a Description based on online resource; title from PDF title page (ebrary, viewed June 6, 2014).
|
| 590 |
|
|
|a Electronic reproduction. Ann Arbor, MI : ProQuest, 2015. Available via World Wide Web. Access may be limited to ProQuest affiliated libraries.
|
| 651 |
|
0 |
|a Germany (West)
|x Foreign relations
|v Sources.
|
| 655 |
|
4 |
|a Electronic books.
|
| 700 |
1 |
|
|a Pautsch, Ilse Dorothee,
|e conceptor.
|
| 700 |
1 |
|
|a Kieninger, Michael,
|e editor.
|
| 700 |
1 |
|
|a Lindemann, Mechthild,
|e editor.
|
| 700 |
1 |
|
|a Taschler, Daniela,
|e editor.
|
| 776 |
0 |
8 |
|i Print version:
|t Akten zur auswartigen Politik der Bundesrepublik Deutschland. Band 1, Januar bis 30. Juni 1975.
|d Munchen, Germany : R. Oldenbourg Verlag Munchen, c2006
|h lxxxii, 2008 pages
|z 9783486577549
|
| 797 |
2 |
|
|a ProQuest (Firm)
|
| 856 |
4 |
0 |
|u https://ebookcentral.proquest.com/lib/matrademy/detail.action?docID=3045885
|z Click to View
|